[Event "1st K.Makarczyk Memorial"]
[Site "Lodz POL"]
[Date "1978.04.??"]
[Round "?"]
[White "Adamski, Jan"]
[Black "Ghitescu, Theodor"]
[Result "1-0"]
[WhiteElo "2470"]
[BlackElo "2450"]
[EventDate "1978.04.13"]
[PlyCount "80"]

1.c4 Nf6 2.Nf3 g6 3.Nc3 Bg7 4.e4 d6 5.d4 O-O 6.Be2 Bg4 7.Be3 Nfd7 8.Rc1 e5
9.d5 a5 10.a3 Na6 11.Rb1 f5 12.b4 Bf6 13.O-O Bxf3 14.Bxf3 Bg5 15.Bxg5 Qxg5
16.c5 Nf6 17.c6 axb4 18.axb4 Rfb8 19.Ra1 bxc6 20.dxc6 Rxb4 21.Be2 Rb6 22.
Bxa6 Raxa6 23.Rxa6 Rxa6 24.Qb3+ Kf8 25.Qb7 Qd2 26.Qxa6 Qxc3 27.exf5 e4 28.
Qc8+ Ne8 29.Qe6 Ng7 30.Qd7 Nxf5 31.Qxc7 Qc5 32.Qd7 Ne7 33.c7 d5 34.Rd1 Qc3
35.h3 h5 36.Rxd5 e3 37.c8=Q+ Nxc8 38.Qd8+ Kg7 39.Qd7+ Kh6 40.fxe3 Nb6 1-0

[Event "1st K.Makarczyk Memorial"]
[Site "Lodz POL"]
[Date "1978.04.??"]
[Round "?"]
[White "Adamski, Jan"]
[Black "Inkiov, Ventzislav"]
[Result "1/2-1/2"]
[WhiteElo "2470"]
[BlackElo "2450"]
[EventDate "1978.04.13"]
[PlyCount "45"]

1.c4 Nf6 2.Nf3 e6 3.g3 b6 4.Bg2 Bb7 5.O-O Be7 6.d4 O-O 7.Nc3 Ne4 8.Qc2 
Nxc3 9.Qxc3 c5 10.Rd1 d6 11.b3 Bf6 12.Bb2 Nc6 13.Qc2 Qe7 14.e4 g6 15.d5 
Nb4 16.Bxf6 Qxf6 17.Qd2 e5 18.a3 Na6 19.Re1 Qg7 20.Ng5 h6 21.Nh3 Nb8 22.f4
Nd7 23.f5 1/2-1/2

[Event "1st K.Makarczyk Memorial"]
[Site "Lodz POL"]
[Date "1978.04.??"]
[Round "?"]
[White "Barczay, Laszlo"]
[Black "Adamski, Jan"]
[Result "1/2-1/2"]
[WhiteElo "2465"]
[BlackElo "2470"]
[EventDate "1978.04.13"]
[PlyCount "57"]

1.g3 Nf6 2.Bg2 c5 3.d3 Nc6 4.c3 d5 5.Nd2 e6 6.Ngf3 Be7 7.O-O b6 8.Re1 Bb7 
9.e4 Qc7 10.e5 Nd7 11.Qe2 b5 12.Nf1 d4 13.h4 O-O 14.N1h2 Rfd8 15.h5 c4 16.
cxd4 cxd3 17.Qxd3 Nb4 18.Qxb5 Nc2 19.Bd2 Nxa1 20.Rxa1 Nb6 21.Ng4 Qc4 22.
Qxc4 Nxc4 23.Bc3 h6 24.Ne3 Nb6 25.Nd2 Bxg2 26.Kxg2 Rac8 27.Kf1 Nd5 28.Nxd5
Rxd5 29.Ke2 1/2-1/2

[Event "1st K.Makarczyk Memorial"]
[Site "Lodz POL"]
[Date "1978.04.??"]
[Round "?"]
[White "Barczay, Laszlo"]
[Black "Ghitescu, Theodor"]
[Result "1/2-1/2"]
[WhiteElo "2465"]
[BlackElo "2450"]
[EventDate "1978.04.13"]
[PlyCount "39"]

1.Nf3 c5 2.e4 d6 3.d4 cxd4 4.Nxd4 Nf6 5.Nc3 a6 6.Bg5 Nc6 7.Qd2 Bd7 8.O-O-O
e6 9.f4 b5 10.Nxc6 Bxc6 11.Qe1 Be7 12.Bd3 Nd7 13.Bxe7 Qxe7 14.Qg3 O-O 15.
Rhe1 Nc5 16.Bf1 Rad8 17.Nd5 Bxd5 18.exd5 Qf6 19.Qe3 Rfe8 20.Qd4 1/2-1/2

[Event "1st K.Makarczyk Memorial"]
[Site "Lodz POL"]
[Date "1978.04.??"]
[Round "?"]
[White "Barczay, Laszlo"]
[Black "Helmers, Knut"]
[Result "1/2-1/2"]
[WhiteElo "2465"]
[BlackElo "2340"]
[EventDate "1978.04.13"]
[PlyCount "108"]

1.e4 c5 2.Nf3 d6 3.d4 Nf6 4.Nc3 cxd4 5.Nxd4 g6 6.Be2 Bg7 7.Be3 Nc6 8.Qd2 
O-O 9.Rd1 Ng4 10.Bxg4 Bxg4 11.f3 Be6 12.O-O Nxd4 13.Bxd4 Bxd4+ 14.Qxd4 Qb6
15.Qxb6 axb6 16.a3 Rfc8 17.Rd2 Rc4 18.Nd1 Rac8 19.Ne3 R4c5 20.c3 Kf8 21.
Rd4 Bc4 22.Rfd1 f6 23.Kf2 R5c6 24.g4 Rc5 25.h4 b5 26.Rg1 h6 27.Rg2 Be6 28.
Rd1 h5 29.g5 f5 30.exf5 Bxf5 31.Rgg1 Be6 32.Rd4 Ra8 33.Re1 Ra4 34.Nc2 Rxd4
35.Nxd4 Bd7 36.Ne6+ Bxe6 37.Rxe6 Kf7 38.Re4 Rd5 39.Ke3 Rd1 40.Rb4 Rd5 41.
Rf4+ Ke8 42.Rd4 Re5+ 43.Re4 Rd5 44.Rd4 Re5+ 45.Re4 Rd5 46.c4 bxc4 47.Rxc4 
Re5+ 48.Kd3 Rf5 49.Ke3 Re5+ 50.Re4 Rc5 51.a4 b5 52.a5 b4 53.a6 Ra5 54.Rxb4
Rxa6 1/2-1/2

[Event "1st K.Makarczyk Memorial"]
[Site "Lodz POL"]
[Date "1978.04.??"]
[Round "?"]
[White "Barczay, Laszlo"]
[Black "Inkiov, Ventzislav"]
[Result "1/2-1/2"]
[WhiteElo "2465"]
[BlackElo "2450"]
[EventDate "1978.04.13"]
[PlyCount "36"]

1.e4 c5 2.Nf3 d6 3.d4 cxd4 4.Nxd4 Nf6 5.Nc3 a6 6.Bg5 e6 7.Qd2 Be7 8.f4 h6 
9.Bh4 Qc7 10.Nf3 Nbd7 11.Bd3 b5 12.O-O Bb7 13.Rae1 b4 14.Nd1 O-O 15.Qxb4 
Nc5 16.Bxf6 Bxf6 17.Qd2 Qb6 18.Kh1 Bxb2 1/2-1/2

[Event "1st K.Makarczyk Memorial"]
[Site "Lodz POL"]
[Date "1978.04.??"]
[Round "?"]
[White "Barczay, Laszlo"]
[Black "Kirov, Nino"]
[Result "1/2-1/2"]
[WhiteElo "2465"]
[BlackElo "2465"]
[EventDate "1978.04.13"]
[PlyCount "85"]

1.Nf3 Nf6 2.b3 d6 3.d4 g6 4.g3 Bg7 5.Bb2 c5 6.Bg2 Ne4 7.O-O O-O 8.Nbd2 
Nxd2 9.Qxd2 Nc6 10.c4 cxd4 11.Nxd4 Bd7 12.Nb5 Bxb2 13.Qxb2 Rb8 14.Rfd1 Qa5
15.Rac1 Rfd8 16.h4 a6 17.Nc3 Qe5 18.Qd2 b5 19.Nd5 b4 20.f4 Qg7 21.Qe3 Kf8 
22.Nc7 Qb2 23.Qd2 Qxd2 24.Rxd2 Rdc8 25.Nxa6 Rb6 26.Nc5 dxc5 27.Rxd7 Ke8 
28.Rd2 Rd8 29.Rxd8+ Kxd8 30.Rd1+ Ke8 31.Rd5 Nd4 32.Bf3 Ra6 33.Rxc5 Rxa2 
34.Rc8+ Kd7 35.Rb8 Rb2 36.Rxb4 Rxb3 37.Rxb3 Nxb3 38.Kf2 Kd6 39.Ke3 Kc5 40.
Ke4 Nd2+ 41.Ke3 Nxc4+ 42.Ke4 h5 43.Bg2 1/2-1/2

[Event "1st K.Makarczyk Memorial"]
[Site "Lodz POL"]
[Date "1978.04.??"]
[Round "?"]
[White "Barczay, Laszlo"]
[Black "Skrobek, Ryszard"]
[Result "1/2-1/2"]
[WhiteElo "2465"]
[BlackElo "2460"]
[EventDate "1978.04.13"]
[PlyCount "45"]

1.c4 Nf6 2.g3 c5 3.Bg2 Nc6 4.Nc3 g6 5.b3 Bg7 6.Bb2 O-O 7.Nf3 d5 8.cxd5 
Nxd5 9.O-O b6 10.Qc1 Bb7 11.Nxd5 Qxd5 12.Bxg7 Kxg7 13.Qb2+ f6 14.e3 Qd3 
15.Rac1 Rad8 16.Rfd1 e5 17.b4 Nxb4 18.Nxe5 Qa6 19.Bxb7 Qxb7 20.a3 Nc6 21.
Nxc6 Qxc6 22.d4 Qa4 23.Rd2 1/2-1/2

[Event "1st K.Makarczyk Memorial"]
[Site "Lodz POL"]
[Date "1978.04.??"]
[Round "?"]
[White "Espig, Lutz"]
[Black "Barczay, Laszlo"]
[Result "1/2-1/2"]
[WhiteElo "2470"]
[BlackElo "2465"]
[EventDate "1978.04.13"]
[PlyCount "53"]

1.Nf3 Nf6 2.c4 g6 3.b4 Bg7 4.Bb2 O-O 5.e3 b6 6.Be2 c5 7.a3 Na6 8.b5 Nc7 9.
O-O Bb7 10.Nc3 d5 11.d4 Ne6 12.dxc5 Nxc5 13.Na4 Rc8 14.Nxc5 Rxc5 15.Bd4 
Rc7 16.Rc1 dxc4 17.Rxc4 Bxf3 18.gxf3 Rd7 19.Qc1 Nh5 20.Bxg7 Nxg7 21.f4 Nf5
22.Bg4 e6 23.Bxf5 exf5 24.h3 Qh4 25.Kg2 Qe7 26.a4 Rfd8 27.Kg3 1/2-1/2

[Event "1st K.Makarczyk Memorial"]
[Site "Lodz POL"]
[Date "1978.04.??"]
[Round "?"]
[White "Espig, Lutz"]
[Black "Ghitescu, Theodor"]
[Result "1-0"]
[WhiteElo "2470"]
[BlackElo "2450"]
[EventDate "1978.04.13"]
[PlyCount "59"]

1.e4 c5 2.Nc3 d6 3.f4 Nc6 4.Nf3 g6 5.Bc4 Bg7 6.O-O Nf6 7.d3 O-O 8.a3 e6 9.
Ba2 Rb8 10.f5 exf5 11.Qe1 Nd4 12.Qh4 Be6 13.Bg5 Bxa2 14.Rxa2 h6 15.Bxh6 
Nxf3+ 16.gxf3 Bxh6 17.Qxh6 Qd7 18.Qg5 Nh7 19.Qg3 Rbd8 20.Raa1 Kg7 21.Nd5 
Nf6 22.Ne3 fxe4 23.fxe4 Nh7 24.Rf4 Qe6 25.Raf1 Rd7 26.Kh1 Kh8 27.Rh4 f5 
28.Rh6 Rf6 29.Nd5 Rf8 30.Nf4 1-0

[Event "1st K.Makarczyk Memorial"]
[Site "Lodz POL"]
[Date "1978.04.??"]
[Round "?"]
[White "Espig, Lutz"]
[Black "Helmers, Knut"]
[Result "0-1"]
[WhiteElo "2470"]
[BlackElo "2340"]
[EventDate "1978.04.13"]
[PlyCount "77"]

1.e4 c5 2.Nf3 d6 3.d4 cxd4 4.Nxd4 Nf6 5.Nc3 a6 6.Bg5 e6 7.f4 Qb6 8.Qd2 
Qxb2 9.Rb1 Qa3 10.f5 Nc6 11.fxe6 fxe6 12.Nxc6 bxc6 13.e5 dxe5 14.Bxf6 gxf6
15.Ne4 Be7 16.Be2 h5 17.Rb3 Qa4 18.c4 f5 19.O-O fxe4 20.Kh1 c5 21.Qc3 Qc6 
22.Qxe5 Rf8 23.Bxh5+ Kd8 24.Rd1+ Bd7 25.Bg6 Bd6 26.Qb2 Kc7 27.Rb1 e3 28.
Rb7+ Kc8 29.Rb6 Qc7 30.Be4 Rb8 31.Rxb8+ Qxb8 32.Qe2 Qxb1+ 33.Bxb1 Rf2 34.
Qe1 Bc6 35.Qg1 Rd2 36.Qxe3 Rd1+ 37.Qg1 Rxg1+ 38.Kxg1 Kd7 39.g3 0-1

[Event "1st K.Makarczyk Memorial"]
[Site "Lodz POL"]
[Date "1978.04.??"]
[Round "?"]
[White "Espig, Lutz"]
[Black "Kirov, Nino"]
[Result "1/2-1/2"]
[WhiteElo "2470"]
[BlackElo "2465"]
[EventDate "1978.04.13"]
[PlyCount "28"]

1.Nf3 Nf6 2.c4 g6 3.b4 Bg7 4.Bb2 O-O 5.e3 d6 6.Be2 e5 7.d3 a5 8.b5 Nbd7 9.
O-O Re8 10.Nbd2 Nc5 11.Rc1 Bf5 12.Nb3 Nfd7 13.Bc3 Nxb3 14.axb3 Nc5 1/2-1/2

[Event "1st K.Makarczyk Memorial"]
[Site "Lodz POL"]
[Date "1978.04.??"]
[Round "?"]
[White "Espig, Lutz"]
[Black "Skrobek, Ryszard"]
[Result "1/2-1/2"]
[WhiteElo "2470"]
[BlackElo "2460"]
[EventDate "1978.04.13"]
[PlyCount "76"]

1.Nf3 Nf6 2.c4 e6 3.g3 d5 4.Bg2 dxc4 5.Qa4+ Nbd7 6.Qxc4 c5 7.O-O a6 8.d3 
b5 9.Qb3 Bb7 10.a4 c4 11.dxc4 Nc5 12.Qd1 Nxa4 13.cxb5 axb5 14.Qxd8+ Rxd8 
15.Na3 Bc6 16.Ne5 Bxg2 17.Kxg2 Rd5 18.Nd3 Bxa3 19.Rxa3 O-O 20.Bf4 Rc8 21.
Rc1 Rxc1 22.Bxc1 h6 23.b3 Nc5 24.Nb4 Rd1 25.Be3 Nfd7 26.Nc2 Rb1 27.Ra8+ 
Kh7 28.b4 Rb2 29.bxc5 Rxc2 30.Ra7 Nxc5 31.Rxf7 Kg6 32.Rc7 Nd3 33.Rb7 Rxe2 
34.Rxb5 Rb2 35.Ra5 Ne1+ 36.Kf1 Nf3 37.h4 e5 38.Kg2 Ne1+ 1/2-1/2

[Event "1st K.Makarczyk Memorial"]
[Site "Lodz POL"]
[Date "1978.04.??"]
[Round "?"]
[White "Ghitescu, Theodor"]
[Black "Lengyel, Levente"]
[Result "1/2-1/2"]
[WhiteElo "2450"]
[BlackElo "2430"]
[EventDate "1978.04.13"]
[PlyCount "25"]

1.d4 Nf6 2.c4 e6 3.Nf3 b6 4.Nc3 Bb7 5.a3 d5 6.cxd5 exd5 7.Bg5 Be7 8.Rc1 
O-O 9.e3 h6 10.Bf4 c5 11.Bd3 Nbd7 12.h3 Ne4 13.O-O 1/2-1/2

[Event "1st K.Makarczyk Memorial"]
[Site "Lodz POL"]
[Date "1978.04.??"]
[Round "?"]
[White "Ghitescu, Theodor"]
[Black "Pokojowczyk, Jerzy"]
[Result "1/2-1/2"]
[WhiteElo "2450"]
[BlackElo "2385"]
[EventDate "1978.04.13"]
[PlyCount "75"]

1.d4 Nf6 2.c4 g6 3.Nc3 Bg7 4.e4 d6 5.f3 c6 6.Be3 a6 7.a4 a5 8.Bd3 Na6 9.
Rc1 O-O 10.Nge2 e5 11.O-O Qe7 12.Qd2 Nd7 13.Rce1 Nc7 14.f4 Ne6 15.Bc2 exd4
16.Nxd4 Nf6 17.h3 Nc5 18.Bf2 Bh6 19.g4 Nfd7 20.Be3 Bg7 21.Qg2 Ne6 22.Nde2 
Nec5 23.Bd4 Bxd4+ 24.Nxd4 Ne6 25.Qf2 Ng7 26.Nf3 h5 27.e5 hxg4 28.hxg4 dxe5
29.Nxe5 Qc5 30.Ne4 Qxf2+ 31.Rxf2 f5 32.gxf5 Nxe5 33.fxe5 Bxf5 34.Nd6 b6 
35.Re3 Bxc2 36.Rxc2 Nf5 37.Nxf5 Rxf5 38.Rg2 1/2-1/2

[Event "1st K.Makarczyk Memorial"]
[Site "Lodz POL"]
[Date "1978.04.??"]
[Round "?"]
[White "Ghitescu, Theodor"]
[Black "Pribyl, Josef"]
[Result "1/2-1/2"]
[WhiteElo "2450"]
[BlackElo "2455"]
[EventDate "1978.04.13"]
[PlyCount "24"]

1.d4 Nf6 2.c4 g6 3.Nc3 d5 4.Nf3 Bg7 5.e3 O-O 6.Be2 c5 7.dxc5 Qa5 8.cxd5 
Nxd5 9.Qxd5 Bxc3+ 10.Bd2 Rd8 11.Qxd8+ Qxd8 12.Bxc3 Qc7 1/2-1/2

[Event "1st K.Makarczyk Memorial"]
[Site "Lodz POL"]
[Date "1978.04.??"]
[Round "?"]
[White "Ghitescu, Theodor"]
[Black "Sznapik, Aleksander"]
[Result "1/2-1/2"]
[WhiteElo "2450"]
[BlackElo "2430"]
[EventDate "1978.04.13"]
[PlyCount "33"]

1.d4 Nf6 2.c4 g6 3.Nc3 Bg7 4.e4 d6 5.Nf3 O-O 6.Be3 b6 7.h3 Bb7 8.d5 c5 9.
Bd3 e6 10.Qd2 Re8 11.O-O exd5 12.exd5 Na6 13.Bg5 Nc7 14.Bc2 b5 15.cxb5 Qd7
16.Bxf6 Bxf6 17.a4 1/2-1/2

[Event "1st K.Makarczyk Memorial"]
[Site "Lodz POL"]
[Date "1978.04.??"]
[Round "?"]
[White "Helmers, Knut"]
[Black "Ghitescu, Theodor"]
[Result "1-0"]
[WhiteElo "2340"]
[BlackElo "2450"]
[EventDate "1978.04.13"]
[PlyCount "63"]

1.e4 c5 2.Nf3 d6 3.d4 cxd4 4.Nxd4 Nf6 5.Nc3 a6 6.Bc4 e6 7.Bb3 b5 8.O-O Be7
9.Qf3 Qc7 10.a3 O-O 11.Qg3 Nc6 12.Nxc6 Qxc6 13.Bh6 Ne8 14.Nd5 Bd8 15.Rfe1 
Qd7 16.Nc3 Qe7 17.Bf4 Bb7 18.Rad1 Ba5 19.Bg5 Qc7 20.Rd3 d5 21.exd5 Qxg3 
22.hxg3 f6 23.Bd2 e5 24.Ne4 Bxd2 25.Rxd2 Kh8 26.f4 exf4 27.Nc5 Nd6 28.Re6 
Rac8 29.Nd7 Rfd8 30.Rxd6 Rc7 31.Re2 h6 32.Nxf6 1-0

[Event "1st K.Makarczyk Memorial"]
[Site "Lodz POL"]
[Date "1978.04.??"]
[Round "?"]
[White "Helmers, Knut"]
[Black "Lukacs, Peter"]
[Result "0-1"]
[WhiteElo "2340"]
[BlackElo "2460"]
[EventDate "1978.04.13"]
[PlyCount "86"]

1.c4 Nf6 2.Nf3 c5 3.g3 Nc6 4.Bg2 d5 5.cxd5 Nxd5 6.Nc3 Nc7 7.Qa4 Bd7 8.Qe4 
g6 9.Ne5 Bg7 10.Nxd7 Qxd7 11.O-O O-O 12.Qc4 Ne6 13.a3 Rac8 14.b4 Ncd4 15.
Rb1 b5 16.Qa2 c4 17.e3 Nb3 18.Nd5 Nc7 19.Nxc7 Rxc7 20.d4 e5 21.d5 f5 22.
Rxb3 cxb3 23.Qxb3 e4 24.Rd1 Rc3 25.Qa2 Rfc8 26.d6+ Qf7 27.Qxf7+ Kxf7 28.d7
Rd8 29.Bf1 a6 30.a4 bxa4 31.Bb2 Rc7 32.Bxg7 Kxg7 33.Ra1 Rdxd7 34.Bxa6 Rc2 
35.Bb5 Rdd2 36.Bxa4 Rb2 37.Rf1 Rxb4 38.Bc6 Kf6 39.h4 Ke7 40.Ra1 Kd6 41.Be8
Rbb2 42.Rf1 Rb8 43.Bf7 Ke7 0-1

[Event "1st K.Makarczyk Memorial"]
[Site "Lodz POL"]
[Date "1978.04.??"]
[Round "?"]
[White "Helmers, Knut"]
[Black "Sznapik, Aleksander"]
[Result "1-0"]
[WhiteElo "2340"]
[BlackElo "2430"]
[EventDate "1978.04.13"]
[PlyCount "69"]

1.d4 Nf6 2.c4 g6 3.Nc3 Bg7 4.e4 d6 5.f4 O-O 6.Nf3 c5 7.d5 e6 8.Be2 exd5 9.
cxd5 Re8 10.e5 dxe5 11.fxe5 Ng4 12.Bg5 f6 13.exf6 Bxf6 14.Bf4 Ne3 15.Bxe3 
Rxe3 16.O-O Bg4 17.d6 Bxf3 18.Bxf3 Bd4 19.Kh1 Nd7 20.Nd5 Re6 21.Nc7 Rxd6 
22.Nxa8 Qxa8 23.Qb3+ Kh8 24.Bxb7 Qb8 25.Qf7 Ne5 26.Qe7 Rd8 27.Qf6+ Kg8 28.
Bd5+ Rxd5 29.Qe6+ Kh8 30.Qxd5 Ng4 31.g3 Ne3 32.Qf3 Nxf1 33.Rxf1 Bxb2 34.
Rb1 c4 35.Rxb2 1-0

[Event "1st K.Makarczyk Memorial"]
[Site "Lodz POL"]
[Date "1978.04.??"]
[Round "?"]
[White "Helmers, Knut"]
[Black "Witkowski, Stefan"]
[Result "1/2-1/2"]
[WhiteElo "2340"]
[BlackElo "2365"]
[EventDate "1978.04.13"]
[PlyCount "73"]

1.e4 c5 2.Nf3 Nc6 3.d4 cxd4 4.Nxd4 Nf6 5.Nc3 e6 6.Nxc6 bxc6 7.e5 Nd5 8.Ne4
f5 9.exf6 Nxf6 10.Nd6+ Bxd6 11.Qxd6 Ba6 12.Bxa6 Qa5+ 13.Bd2 Qxa6 14.Bb4 
Kf7 15.b3 Rhe8 16.c4 e5 17.O-O Re6 18.Qd2 d5 19.cxd5 cxd5 20.Rac1 Rc8 21.
Rxc8 Qxc8 22.Ba3 Rc6 23.Qb4 Qc7 24.h3 Rc2 25.Qf8+ Kg6 26.Bd6 Qf7 27.Qxf7+ 
Kxf7 28.Bxe5 Rxa2 29.Rc1 Ke6 30.f4 Rd2 31.Rc6+ Kf5 32.Rc7 d4 33.Rxg7 Nd5 
34.Rxa7 Ne3 35.Bxd4 Rxd4 36.Rxh7 Rd2 37.Rg7 1/2-1/2

[Event "1st K.Makarczyk Memorial"]
[Site "Lodz POL"]
[Date "1978.04.??"]
[Round "?"]
[White "Inkiov, Ventzislav"]
[Black "Ghitescu, Theodor"]
[Result "1/2-1/2"]
[WhiteElo "2450"]
[BlackElo "2450"]
[EventDate "1978.04.13"]
[PlyCount "57"]

1.e4 c5 2.Nf3 d6 3.d4 cxd4 4.Nxd4 Nf6 5.Nc3 a6 6.Bg5 Bd7 7.Qd2 Nc6 8.O-O-O
b5 9.f4 e6 10.Nxc6 Bxc6 11.Bd3 Be7 12.e5 dxe5 13.fxe5 Nd7 14.Bxe7 Qxe7 15.
Be4 Rc8 16.Bxc6 Rxc6 17.Ne4 Nxe5 18.Nd6+ Kf8 19.Rhe1 f6 20.Qd4 h5 21.Re3 
Kg8 22.Ne4 Qc7 23.Qd8+ Qxd8 24.Rxd8+ Kh7 25.Ng5+ fxg5 26.Rxh8+ Kxh8 27.
Rxe5 g6 28.Rxg5 Kg7 29.Kd2 1/2-1/2

[Event "1st K.Makarczyk Memorial"]
[Site "Lodz POL"]
[Date "1978.04.??"]
[Round "?"]
[White "Inkiov, Ventzislav"]
[Black "Lukacs, Peter"]
[Result "1/2-1/2"]
[WhiteElo "2450"]
[BlackElo "2460"]
[EventDate "1978.04.13"]
[PlyCount "35"]

1.d4 Nf6 2.c4 e6 3.Nc3 Bb4 4.e3 c5 5.Nf3 O-O 6.Bd3 d5 7.O-O dxc4 8.Bxc4 
Nbd7 9.a3 cxd4 10.exd4 Bxc3 11.bxc3 Qc7 12.Qe2 b6 13.Bd2 Bb7 14.Bd3 Nd5 
15.Qe4 N5f6 16.Qe2 Nd5 17.Qe4 N5f6 18.Qe2 1/2-1/2

[Event "1st K.Makarczyk Memorial"]
[Site "Lodz POL"]
[Date "1978.04.??"]
[Round "?"]
[White "Inkiov, Ventzislav"]
[Black "Pokojowczyk, Jerzy"]
[Result "1-0"]
[WhiteElo "2450"]
[BlackElo "2385"]
[EventDate "1978.04.13"]
[PlyCount "124"]

1.e4 c5 2.Nf3 d6 3.d4 Nf6 4.Nc3 cxd4 5.Nxd4 a6 6.Be3 e5 7.Nb3 Be6 8.Nd5 
Nbd7 9.f3 Nxd5 10.exd5 Bf5 11.Be2 Be7 12.O-O O-O 13.Qd2 Rc8 14.c4 b6 15.f4
f6 16.Rac1 Qe8 17.Qd1 Nc5 18.Bh5 g6 19.Be2 Bd8 20.Nxc5 bxc5 21.fxe5 fxe5 
22.Bh6 Rf7 23.Bg4 Rb8 24.b3 Rbb7 25.Qe2 Kh8 26.Rce1 Ba5 27.Rc1 Bd8 28.g3 
Be7 29.Bxf5 Rxf5 30.g4 Rf6 31.h4 Bd8 32.Rxf6 Bxf6 33.Rf1 Bg7 34.Bg5 Rf7 
35.Rxf7 Qxf7 36.Qf2 Qd7 37.Qf3 h6 38.Bd2 Qe7 39.g5 hxg5 40.Bxg5 Qe8 41.Qg4
e4 42.Qe6 Qf8 43.Qxe4 Bd4+ 44.Be3 Bxe3+ 45.Qxe3 Qf5 46.Kh2 Kg7 47.Kg3 Qb1 
48.h5 Qxa2 49.hxg6 Kxg6 50.Qe4+ Kg5 51.Qf4+ Kh5 52.Qf3+ Kg5 53.Qe3+ Kh5 
54.Kf4 Kg6 55.Qg3+ Kf7 56.Qf3 Qb2 57.Qh5+ Ke7 58.Qh7+ Kd8 59.Qg8+ Kc7 60.
Qf7+ Kb6 61.Qe7 Ka5 62.Kf5 Qxb3 1-0

[Event "1st K.Makarczyk Memorial"]
[Site "Lodz POL"]
[Date "1978.04.??"]
[Round "?"]
[White "Inkiov, Ventzislav"]
[Black "Sznapik, Aleksander"]
[Result "1-0"]
[WhiteElo "2450"]
[BlackElo "2430"]
[EventDate "1978.04.13"]
[PlyCount "109"]

1.d4 Nf6 2.c4 g6 3.Nc3 Bg7 4.Nf3 O-O 5.Bg5 d6 6.e3 c6 7.Be2 Nbd7 8.Qc2 e5 
9.Rd1 Qe7 10.O-O h6 11.Bh4 Re8 12.dxe5 dxe5 13.Nd2 Nf8 14.a3 Bf5 15.Qc1 g5
16.Bg3 Ng6 17.f3 h5 18.Nde4 h4 19.Be1 Nxe4 20.Nxe4 Red8 21.Rxd8+ Rxd8 22.
c5 Be6 23.Nd6 b5 24.Bd3 Qd7 25.Ba5 Rf8 26.Bxg6 fxg6 27.e4 g4 28.Qg5 gxf3 
29.Rxf3 Rxf3 30.gxf3 Bf8 31.Qxg6+ Qg7 32.Qxg7+ Bxg7 33.Bc3 Bh6 34.Bxe5 
Be3+ 35.Kg2 Bxc5 36.f4 Bg4 37.f5 a5 38.Ne8 Kf7 39.Nf6 Be2 40.Nd7 Be3 41.
Bc3 Ke7 42.Ne5 Kd6 43.Ng6 h3+ 44.Kxh3 Bd3 45.e5+ Kc5 46.Kg4 b4 47.axb4+ 
axb4 48.Be1 Be2+ 49.Kg3 Bd3 50.Ne7 Bg5 51.f6 Bc4 52.Bf2+ Kb5 53.Kf3 Bf7 
54.Nf5 Ka4 55.Be3 1-0

[Event "1st K.Makarczyk Memorial"]
[Site "Lodz POL"]
[Date "1978.04.??"]
[Round "?"]
[White "Inkiov, Ventzislav"]
[Black "Witkowski, Stefan"]
[Result "1-0"]
[WhiteElo "2450"]
[BlackElo "2365"]
[EventDate "1978.04.13"]
[PlyCount "74"]

1.d4 Nf6 2.c4 g6 3.Nc3 d5 4.Bf4 Bg7 5.e3 O-O 6.Qb3 c6 7.Nf3 Qa5 8.Nd2 Nbd7
9.Be2 Nh5 10.Bxh5 dxc4 11.Nxc4 Qxh5 12.O-O b5 13.Na5 e5 14.Bg3 exd4 15.
exd4 c5 16.Bd6 b4 17.Bxf8 Bxf8 18.Qd5 Qxd5 19.Nxd5 cxd4 20.Rfd1 Nc5 21.
Rxd4 Ne6 22.Rd2 Ba6 23.Nc6 Bh6 24.Rdd1 Be2 25.Re1 Bb5 26.Ncxb4 a5 27.a4 
Be8 28.Nf6+ Kf8 29.Nxe8 Kxe8 30.Nd5 Rb8 31.Nc7+ Kd7 32.Nxe6 fxe6 33.Rad1+ 
Ke7 34.Re5 Bg7 35.Rxa5 Rxb2 36.Ra7+ Kf6 37.g3 Bf8 1-0

[Event "1st K.Makarczyk Memorial"]
[Site "Lodz POL"]
[Date "1978.04.??"]
[Round "?"]
[White "Kirov, Nino"]
[Black "Adamski, Jan"]
[Result "1/2-1/2"]
[WhiteElo "2465"]
[BlackElo "2470"]
[EventDate "1978.04.13"]
[PlyCount "48"]

1.e4 c5 2.Nf3 d6 3.d4 cxd4 4.Nxd4 Nf6 5.Nc3 a6 6.Be2 e6 7.O-O Qc7 8.f4 Be7
9.Kh1 O-O 10.Qe1 Nc6 11.Be3 Bd7 12.Qg3 b5 13.e5 dxe5 14.fxe5 Nxe5 15.Bh6 
Ne8 16.Bf4 Bd6 17.Ne4 Nc4 18.Nxd6 Ncxd6 19.Rad1 Rd8 20.Bd3 Qb6 21.Be3 Qc7 
22.Bf4 Qb6 23.Be3 Qc7 24.Bf4 Qb6 1/2-1/2

[Event "1st K.Makarczyk Memorial"]
[Site "Lodz POL"]
[Date "1978.04.??"]
[Round "?"]
[White "Kirov, Nino"]
[Black "Ghitescu, Theodor"]
[Result "1/2-1/2"]
[WhiteElo "2465"]
[BlackElo "2450"]
[EventDate "1978.04.13"]
[PlyCount "59"]

1.Nf3 Nf6 2.g3 g6 3.Bg2 Bg7 4.O-O c5 5.d4 cxd4 6.Nxd4 Nc6 7.c4 O-O 8.Nc3 
d6 9.Nxc6 bxc6 10.Bxc6 Bh3 11.Bxa8 Qxa8 12.f3 Bxf1 13.Kxf1 Rc8 14.Qa4 a6 
15.Bd2 Qb7 16.Rc1 Qxb2 17.Qxa6 Rf8 18.Ke1 h6 19.Rb1 Qc2 20.Qa5 g5 21.g4 e6
22.Rc1 Qh7 23.h3 h5 24.Bxg5 hxg4 25.hxg4 Qh2 26.Be3 d5 27.cxd5 Qe5 28.Qc5 
Nxd5 29.Nxd5 exd5 30.Bg1 1/2-1/2

[Event "1st K.Makarczyk Memorial"]
[Site "Lodz POL"]
[Date "1978.04.??"]
[Round "?"]
[White "Kirov, Nino"]
[Black "Helmers, Knut"]
[Result "1-0"]
[WhiteElo "2465"]
[BlackElo "2340"]
[EventDate "1978.04.13"]
[PlyCount "81"]

1.Nf3 Nf6 2.c4 b6 3.g3 Bb7 4.Bg2 e6 5.O-O Be7 6.b3 O-O 7.Bb2 c5 8.d3 d5 9.
e3 dxc4 10.bxc4 Nc6 11.Qe2 Qc8 12.Nc3 Na5 13.Rfd1 a6 14.Rab1 Qc7 15.Ba1 
Nd7 16.Nd2 Bxg2 17.Kxg2 Rfd8 18.f4 Rab8 19.Nf3 Qc6 20.a4 Nf6 21.h3 Qc7 22.
g4 Nc6 23.g5 Ne8 24.Ne4 Nd6 25.Nf2 Nf5 26.Ng4 Bf8 27.Kf2 b5 28.axb5 axb5 
29.Rxb5 Rxb5 30.cxb5 Nb4 31.Nfe5 Ra8 32.Nc4 Ra2 33.Bb2 Qb7 34.b6 Nd5 35.
Ra1 Rxa1 36.Bxa1 Nh4 37.Kg3 Nf5+ 38.Kf2 Nh4 39.Qb2 Nb4 40.Nh6+ Kh8 41.Kg3 
1-0

[Event "1st K.Makarczyk Memorial"]
[Site "Lodz POL"]
[Date "1978.04.??"]
[Round "?"]
[White "Kirov, Nino"]
[Black "Inkiov, Ventzislav"]
[Result "1/2-1/2"]
[WhiteElo "2465"]
[BlackElo "2450"]
[EventDate "1978.04.13"]
[PlyCount "26"]

1.b3 d5 2.f4 Nf6 3.Bb2 g6 4.Nf3 Bg7 5.e3 Bg4 6.Bb5+ Nbd7 7.h3 Bxf3 8.Qxf3 
a6 9.Bxd7+ Qxd7 10.O-O O-O 11.d3 c6 12.Nd2 Ne8 13.Bxg7 Kxg7 1/2-1/2

[Event "1st K.Makarczyk Memorial"]
[Site "Lodz POL"]
[Date "1978.04.??"]
[Round "?"]
[White "Kirov, Nino"]
[Black "Pokojowczyk, Jerzy"]
[Result "1/2-1/2"]
[WhiteElo "2465"]
[BlackElo "2385"]
[EventDate "1978.04.13"]
[PlyCount "35"]

1.Nf3 Nf6 2.g3 g6 3.Bg2 Bg7 4.O-O O-O 5.d4 d6 6.c4 c6 7.Nc3 Qa5 8.e4 e5 9.
h3 exd4 10.Nxd4 Qc5 11.Nb3 Qb4 12.Bf4 Ne8 13.c5 dxc5 14.a3 Qc4 15.e5 Be6 
16.Na5 Qa6 17.b4 Nd7 18.Re1 1/2-1/2

[Event "1st K.Makarczyk Memorial"]
[Site "Lodz POL"]
[Date "1978.04.??"]
[Round "?"]
[White "Kirov, Nino"]
[Black "Witkowski, Stefan"]
[Result "1/2-1/2"]
[WhiteElo "2465"]
[BlackElo "2365"]
[EventDate "1978.04.13"]
[PlyCount "134"]

1.Nf3 Nf6 2.c4 c5 3.d4 cxd4 4.Nxd4 d5 5.cxd5 Nxd5 6.e4 Nb4 7.Nb5 Qxd1+ 8.
Kxd1 N8a6 9.a3 Nc6 10.b4 Be6 11.Bb2 f6 12.Bd3 O-O-O 13.Ke2 Nc7 14.Rc1 a6 
15.Nxc7 Kxc7 16.b5 axb5 17.Bxb5 g6 18.Bc3 Kb6 19.Bxc6 bxc6 20.Nd2 Ra8 21.
Bb4 Bf7 22.Rab1 Kc7 23.Rc3 f5 24.Rbc1 Ra6 25.exf5 gxf5 26.Nc4 Bh6 27.R1c2 
Bd5 28.f3 Rg8 29.Kf2 Bg7 30.Rd3 e5 31.Nxe5 Rd8 32.Nc4 Rg8 33.Ne3 Be6 34.
Nd5+ Kb7 35.Nf4 Bc8 36.Re2 Bf6 37.Ne6 Kb6 38.Nc5 Ra7 39.Nb3 Rag7 40.Bc5+ 
Kb5 41.g3 f4 42.Bd4 fxg3+ 43.hxg3 Bxd4+ 44.Nxd4+ Kb6 45.g4 h5 46.gxh5 Rg2+
47.Ke1 Rg1+ 48.Kd2 Ba6 49.Rb3+ Kc5 50.Re4 Rd8 51.Kc3 Bc4 52.Rb4 Bd5 53.Rg4
Rc1+ 54.Kb2 Rh1 55.Rg5 Rh2+ 56.Kc3 Ra8 57.a4 Re8 58.Nb3+ Kd6 59.Rb7 Bxf3 
60.Rg6+ Ke5 61.Nd4 Bxh5 62.Rxc6 Kd5 63.Rb5+ Ke4 64.Nf5 Rh3+ 65.Kb4 Kf3 66.
Rc3+ Kg2 67.Rxh3 Kxh3 1/2-1/2

[Event "1st K.Makarczyk Memorial"]
[Site "Lodz POL"]
[Date "1978.04.??"]
[Round "?"]
[White "Lengyel, Levente"]
[Black "Espig, Lutz"]
[Result "1/2-1/2"]
[WhiteElo "2430"]
[BlackElo "2470"]
[EventDate "1978.04.13"]
[PlyCount "41"]

1.d4 d5 2.c4 e6 3.Nf3 c5 4.cxd5 exd5 5.g3 Nc6 6.Bg2 Nf6 7.O-O Be7 8.Nc3 
O-O 9.b3 Re8 10.Bb2 Bf5 11.Rc1 Rc8 12.dxc5 Bxc5 13.Na4 Be7 14.Nd4 Bg4 15.
Nxc6 bxc6 16.h3 Bh5 17.Re1 Bb4 18.Bc3 Ba3 19.Bb2 Bb4 20.Bc3 Ba3 21.Bb2 
1/2-1/2